000 00772nam a22002177a 4500
005 20170605104915.0
010 _a1516EN07
020 _a9788126521845
_c699.00
035 _aB-669689
037 _bABC
082 _a510
100 _aMurti, GSN
245 _aMathematics for JEE (main & advanced volume 3 :
_cby GSN Murti [and] K.P.R. Sastry
_bcalculus /
260 _aNew Delhi
_bWilley
_c2016
270 _a4435-36/7, Ansari Road, Darya Ganj,
_bNew Delhi
_e110002
300 _avarious pagings
_c27cm(pbk)
500 _aIncludes index
700 _aSastry, K.P.R.
942 _2ddc
_cEN
_mSAR
_h510
999 _c140729
_d140729